Every Premier League 2017/18 Goalscorer Quiz Stats

 Plays Quiz not verified by Sporcle

Challenge
Share
Tweet
Embed
Score 0/250 Timer 20:00
0 Plays Today
Number of Goals Scored Player % Correct
30 goalsHarry Kane
97.4%
21 goalsSergio Aguero
94.7%
32 goalsMohamed Salah
93.1%
20 goalsJamie Vardy
93%
16 goalsRomelu Lukaku
92.9%
18 goalsRaheem Sterling
89.3%
11 goalsAlvaro Morata
89.2%
13 goalsGabriel Jesus
88.7%
10 goalsWayne Rooney
86.9%
9 goalsAlexis Sanchez
86.4%
14 goalsAlexandre Lacazette
86.1%
15 goalsRoberto Firmino
85.8%
10 goalsSadio Mané
85.7%
10 goalsLeroy Sané
84.6%
12 goalsEden Hazard
84.5%
29 goalsOwn Goal
84.3%
12 goalsRiyad Mahrez
82.8%
9 goalsDele Alli
82.2%
12 goalsSon Heung-Min
81.3%
9 goalsDavid Silva
81%
6 goalsBernardo Silva
80.8%
8 goalsKevin de Bruyne
80.7%
3 goalsChristian Benteke
80%
10 goalsChristian Eriksen
78.3%
7 goalsMarcus Rashford
77.9%
9 goalsWilfried Zaha
77.8%
2 goalsKi Sung-Yueng
77.6%
8 goalsAnthony Martial
76.9%
12 goalsGlenn Murray
75.9%
7 goalsOlivier Giroud
75.6%
11 goalsMarko Arnautovic
75.3%
5 goalsTroy Deeney
74.7%
6 goalsPaul Pogba
74.5%
4 goalsMesut Özil
74.3%
8 goalsJesse Lingard
74%
6 goalsWillian
74%
3 goalsAndy King
73.4%
8 goalsCallum Wilson
72.4%
1 goalLeroy Fer
72.2%
4 goalsPedro Rodriguez
71.5%
7 goalsAaron Ramsey
70.9%
7 goalsPhilippe Coutinho
70.7%
3 goalsAndy Carroll
70.3%
10 goalsPierre-Emerick Aubameyang
70%
1 goalVincent Kompany
69.3%
8 goalsJavier Hernández
68.3%
3 goalsJuan Mata
68%
8 goalsJosh King
66.7%
4 goalsSam Vokes
65.8%
3 goalsDanilo
65.8%
4 goalsGylfi Sigurdsson
64.7%
6 goalsShinji Okazaki
64.7%
3 goalsTheo Walcott
64.2%
4 goalsChris Smalling
64.1%
1 goalNemanja Matic
64%
3 goalsEmre Can
63.9%
2 goalsLaurent Koscielny
63.7%
5 goalsPeter Crouch
63.6%
7 goalsMarcos Alonso
63.5%
10 goalsChris Wood
63.3%
2 goalsHector Bellerín
63.3%
1 goalJordan Henderson
62.9%
3 goalsDemarai Gray
62.7%
2 goalsDejan Lovren
62.6%
2 goalsTom Davies
62.3%
1 goalGranit Xhaka
62%
9 goalsAshley Barnes
61.9%
4 goalsMark Noble
61.4%
1 goalKevin Long
61%
8 goalsXherdan Shaqiri
60.8%
5 goalsCenk Tosun
60.8%
3 goalsAlex Oxlade-Chamberlain
60.6%
2 goalsShane Long
60.6%
5 goalsDanny Welbeck
60.3%
4 goalsNicolas Otamendi
60.2%
4 goalsJermain Defoe
59.8%
2 goalsAshley Young
59.6%
6 goalsDwight Gayle
59.6%
5 goalsAndre Gray
59.5%
3 goalsAndré Ayew
59.4%
4 goalsRicharlison
59.2%
4 goalsAaron Mooy
59.2%
1 goalJack Wilshere
58.9%
1 goalJonjo Shelvey
58.9%
Number of Goals Scored Player % Correct
3 goalsShkodran Mustafi
58.8%
1 goalN'Golo Kanté
58.7%
7 goalsJordan Ayew
58.5%
7 goalsSalomon Rondón
58.4%
5 goalsFernandinho
58%
2 goalsCesc Fabregas
57.9%
3 goalsAntonio Valencia
57.8%
7 goalsCharlie Austin
57.7%
5 goalsNacho Monreal
56.7%
1 goalAndy Robertson
56.5%
3 goalsVictor Moses
56.4%
1 goalAdam Smith
56.1%
7 goalsSteve Mounie
55.9%
7 goalsPascal Groß
55.5%
1 goalJese Rodriguez
54.2%
1 goalDanny Ings
54.2%
2 goalsAndros Townsend
54.1%
2 goalsBen Davies
54%
2 goalsMarc Albrighton
53.6%
3 goalsHenrikh Mkhitaryan
53.1%
5 goalsManuel Lanzini
53%
1 goalStephen Ward
52.8%
1 goalLewis Dunk
52.8%
4 goalsDominic Calvert-Lewin
52.6%
5 goalsTammy Abraham
52.4%
2 goalsLeighton Baines
52.4%
2 goalsSteve Cook
51.7%
3 goalsJames Ward-Prowse
51.5%
8 goalsOumar Niasse
51.4%
1 goalAshley Williams
50.8%
1 goalGeorginio Wijnaldum
50.7%
3 goalsMatt Ritchie
50.7%
5 goalsManolo Gabbiadini
50.6%
1 goalDanny Drinkwater
50.5%
6 goalsMame Biram Diouf
49.9%
1 goalTrent Alexander-Arnold
49.5%
4 goalsMarouane Fellaini
49.5%
2 goalsCesar Azpilicueta
49.5%
1 goalFernando Llorente
49.4%
2 goalsJoe Allen
49.3%
1 goalDavid Luiz
49.3%
8 goalsAyoze Pérez
49.1%
2 goalsWilfried Bony
48.8%
1 goalJoel Matip
48.6%
2 goalsDaniel Sturridge
48.5%
7 goalsAbdoulaye Doucouré
48.4%
2 goalsNathan Aké
48.2%
3 goalsAlex Iwobi
47.4%
4 goalsJoselu Mato
47.3%
2 goalsTom Ince
46.6%
7 goalsJay Rodriguez
46%
1 goalMamadou Sakho
45.7%
2 goalsAntonio Rüdiger
45.7%
4 goalsIlkay Gundogan
45.5%
1 goalVictor Wanyama
45.5%
6 goalsDusan Tadic
45.4%
1 goalDominic Solanke
45.3%
1 goalIslam Slimani
45.2%
2 goalsJordan Ibe
45.1%
1 goalRagnar Klavan
45.1%
1 goalEric Bailly
44.8%
10 goalsLuka Milivojevic
44.7%
1 goalCharlie Daniels
44.6%
3 goalsJames Tomkins
44.2%
1 goalHarry Arter
44%
5 goalsRyan Fraser
43.7%
3 goalsJamaal Lascelles
43.7%
1 goalScott Dann
42.9%
2 goalsSead Kolasinac
42.2%
2 goalsMichy Batshuayi
41.9%
3 goalsKelechi Iheanacho
41.8%
1 goalYannick Bolasie
41.5%
2 goalsErik Lamela
41.4%
3 goalsMichail Antonio
41.3%
1 goalRyan Shawcross
41%
5 goalsPatrick van Aanholt
41%
2 goalsTiemoue Bakayoko
40.9%
1 goalAaron Cresswell
40.3%
2 goalsCraig Dawson
39.9%
1 goalFabian Delph
39.9%
6 goalsLaurent Depoitre
39.8%
3 goalsBakary Sako
39.7%
2 goalsIdrissa Gana Gueye
39.6%
1 goalSteven Defour
39.3%
Number of Goals Scored Player % Correct
2 goalsHarry Maguire
39%
2 goalsDiafra Sakho
38.6%
2 goalsJack Stephens
38.5%
3 goalsSteven Davis
38%
1 goalDavide Zappacosta
37.6%
5 goalsJames McArthur
37.6%
1 goalGareth Barry
37.3%
2 goalsJonny Evans
36.9%
2 goalsKenedy
36.5%
5 goalsJunior Stanislas
36.3%
2 goalsJohann Berg Gudmundsson
35.8%
3 goalsAnthony Knockaert
35.6%
1 goalNathan Redmond
35.5%
1 goalJames Collins
35.2%
5 goalsEric Maxim Choupo-Moting
35.1%
2 goalsJack Cork
34.8%
2 goalsSerge Aurier
34.7%
1 goalTom Cleverley
34.3%
3 goalsRajiv van la Parra
34.1%
2 goalsDan Gosling
33.7%
2 goalsJake Livermore
33.7%
2 goalsAndrew Surman
33.6%
5 goalsJose Izquierdo
33.5%
1 goalFederico Fernandez
33.3%
1 goalAlfie Mawson
33.2%
1 goalEtienne Capoue
33.2%
2 goalsCheikou Kouyate
33.1%
2 goalsRuben Loftus-Cheek
32.3%
1 goalDarren Fletcher
32.1%
1 goalLeonardo Ulloa
31.5%
1 goalStefano Okaka Chuka
31.5%
1 goalOriol Romeu
31.4%
2 goalsMaya Yoshida
31.4%
2 goalsMohamed Diamé
31.3%
1 goalAleksandar Mitrovic
31.1%
2 goalsWill Hughes
31.1%
1 goalPer Mertesacker
31.1%
2 goalsChristian Atsu
31%
1 goalRobbie Brady
30.8%
2 goalsTomer Hemed
30.6%
1 goalAngelo Ogbonna
30.6%
2 goalsJeff Hendrick
30.6%
1 goalMoussa Sissoko
30.4%
2 goalsPedro Obiang
29.7%
2 goalsAhmed Hegazi
29.4%
2 goalsSofiane Boufal
29.2%
1 goalJames McClean
29.2%
2 goalsMatt Phillips
28.9%
1 goalKurt Zouma
27.7%
2 goalsLys Mousset
27.7%
1 goalMario Lemina
27.3%
1 goalJacob Murphy
27.3%
3 goalsVicente Iborra
27.1%
2 goalsCiaran Clark
27%
2 goalsScott Arfield
26.6%
3 goalsDaryl Janmaat
26.5%
5 goalsRoberto Pereyra
26.1%
1 goalGerard Deulofeu
25.8%
3 goalsSamuel Clucas
25.5%
1 goalElias Kachunga
25.2%
2 goalsChristian Kabasele
25.1%
1 goalMiguel Britos
25%
1 goalJurgen Locadia
25%
1 goalAndré Carrillo
24.9%
1 goalMikel Merino
23.9%
1 goalSolly March
23.6%
2 goalsJoao Mario
23.3%
1 goalJames Morrison
22.2%
1 goalNacer Chadli
21.6%
1 goalKiko Femenía
21.4%
2 goalsRamadan Sobhi
21.2%
1 goalLuciano Narsingh
21%
1 goalJan Bednarek
20.9%
2 goalsHal Robson-Kanu
20.6%
2 goalsBadou N'Diaye
20.2%
1 goalAlex Pritchard
19.6%
1 goalIsaac Hayden
18.9%
1 goalMike van der Hoorn
17.9%
1 goalJoe Lolley
15%
1 goalHenri Saivet
14.8%
1 goalMolla Wagué
14.6%
1 goalSam Field
14.5%

You're not logged in!

Compare scores with friends on all Sporcle quizzes.
Join for Free
OR
Log In

You Might Also Like...

Show Comments

Extras

Top Quizzes Today


Score Distribution

Your Account Isn't Verified!

In order to create a playlist on Sporcle, you need to verify the email address you used during registration. Go to your Sporcle Settings to finish the process.

Report this User

Report this user for behavior that violates our Community Guidelines.

Details: